000 00791nam a2200241Ia 4500
008 220204s9999 xx 000 0 und d
082 _aNR:631.452:916(084.3)
_bISR
245 0 _aGeospatial technology for acreage estimation of natural rubber and identification of potential areas for its cultivation in Tripura state- Project report, July 2012
260 _aKottayam
_bRubber Research Institute of India
_c2012
300 _a47p.
650 _aClimate data analysis
650 _aField verification
650 _aIndia
650 _aJhum cultivation
650 _aLISS-IV data
650 _aMapping accuracy
650 _aNR classification
650 _aNR cultivation
650 _aSatellite data analysis
650 _aSatellite survey
650 _aTripura
942 _cBK
999 _c44865
_d44865